MARC

Tag First Indicator Second Indicator Subfields
LEADER 00000cam a2200000Ia 4500
001 in00004549913
008 820812s1944 dcua f000 0 eng
005 20220301100643.0
010 |a  47021803  
029 1 |a AU@  |b 000005629184 
029 1 |a NLGGC  |b 291198635 
035 |a (OCoLC)ocm08682561  
035 |a (OCoLC)8682561 
040 |a DLC  |b eng  |c QMC  |d QMC  |d OCLCF  |d OCLCQ  |d OCLCO  |d GILDS  |d TXA 
043 |a a-ja---  |a n-us--- 
050 0 |a UG446.5  |b .U6 1944 
050 4 |a UG446.5  |b .J365 1944 
082 |a 358.1 
086 0 |a W 100.7:26 online 
245 0 0 |a Japanese tanks and tank tactics. 
264 1 |a Washington, D.C. :  |b Military Intelligence Service, War Department,  |c 15 November 1944. 
264 3 |a Washington :  |b United State Government Printing Office 
300 |a viii, 80 pages :  |b illustrations ;  |c 23 cm. 
336 |a text  |b txt  |2 rdacontent 
337 |a unmediated  |b n  |2 rdamedia 
338 |a volume  |b nc  |2 rdacarrier 
490 1 |a Special series ;  |v no. 26 
500 |a "Restricted" 
520 3 |a In suitable terrain, the tank is an ideal weapon for the favorite envelopment tactics of the Japanese, although the Japanese had only made limited use of tanks (up until WWII). The Japanese organization (armored divisions and non-division units), tactics (general doctrine, tanks in infantry support, principles of infantry support, special tactical situations), and equipment (tankettes, light/medium/heavy tanks, armored cars, armament) are detailed in this document. 
610 1 0 |a Japan.  |b Rikugun  |x Organization. 
610 1 7 |a Japan.  |b Rikugun.  |2 fast  |0 (OCoLC)fst00534859 
650 0 |a Tanks (Military science)  |z Japan. 
650 0 |a Tank warfare. 
650 0 |a World War, 1939-1945  |x Military intelligence  |z United States. 
650 7 |a Armies  |x Organization.  |2 fast  |0 (OCoLC)fst00814815 
650 7 |a Tank warfare.  |2 fast  |0 (OCoLC)fst01142710 
650 7 |a Tanks (Military science)  |2 fast  |0 (OCoLC)fst01142780 
710 1 |a United States.  |b War Department.  |b Military Intelligence Service. 
830 0 |a Special series (United States. War Department. Military Intelligence Service) ;  |v no. 26. 
856 4 0 |u http://usacac.army.mil/cac2/cgsc/carl/wwIIspec/number26.pdf  |t 0 
856 4 0 |u http://cgsc.contentdm.oclc.org/u?/p4013coll8,2918  |t 0 
948 |h HELD BY TXA - 10 OTHER HOLDINGS 
994 |a Z0  |b TXA 
999 f f |s cd73cd29-b2ff-43a8-b39e-e6936056a3dd  |i cd73cd29-b2ff-43a8-b39e-e6936056a3dd  |t 0 
952 f f |p noncirc  |a Texas A&M University  |b College Station  |c Cushing Memorial Library & Archives  |s cush mil  |d Cushing: Ragan Military (Does not check out)  |t 0  |e UG446.5.J365 1944  |h Library of Congress classification  |i unmediated -- volume